000 00581nam a22001697a 4500
005 20251108172448.0
008 250721s9999 xx 000 0 ara d
082 1 4 _a956.411/لجن
111 2 _aيوم القدس
_cعمان
_d2-4 تشرين الأول (أكتوبر),1999
245 1 0 _aيوم القدس : بيت المقدس و أكناف بيت المقدس صراع الهوية و الأرض /
264 1 _aعمان :
_bلجنة يوم القدس،
300 _a223ص
650 1 7 _aتاريخ فلسطين
650 1 7 _aالقدس
942 _2ddc
_cBK
999 _c79946
_d79946